| 000 | 00592nam a2200169Ia 4500 | ||
|---|---|---|---|
| 008 | 230925s9999||||xx |||||||||||||| ||und|| | ||
| 082 | _a696.6 IQB | ||
| 100 |
_aIqbal, Muhammad Haroon (330579) _9118228 |
||
| 245 | 0 | _aNumerical Analysis of a Solar Air Heater having Rectangular Sectioned V-Ribs as Artificial Roughness Integrated with Impingement Cooling Configuration / | |
| 260 |
_bUSPCAS-E, NUST,Islamabad : _c2023 |
||
| 300 | _axi, 52 p. | ||
| 520 | _aTH-463 | ||
| 650 |
_vMS Thesis _918721 |
||
| 650 |
_vMS TEE Thesis _9116575 |
||
| 700 |
_aDr Majid Ali _929033 |
||
| 942 |
_cTHE _2ddc |
||
| 999 |
_c603210 _d603210 |
||